Los Caprichos

Αποθηκεύτηκε σε:
Λεπτομέρειες βιβλιογραφικής εγγραφής
Κύριος συγγραφέας: Goya, Francisco, 1746-1828
Μορφή: Βιβλίο
Γλώσσα:English
Spanish
Δημοσίευση: New York : Dover Publications, c1969.
Θέματα:
Ετικέτες: Προσθήκη ετικέτας
Δεν υπάρχουν, Καταχωρήστε ετικέτα πρώτοι!

MARC

LEADER 00000cam a2200000 i 4500
001 1/71429
008 050210s1969 nyu| ||| |||| ||eng||
020 |a 0486223841 
035 |l 10076525 
040 |a GR-MyUa  |b gre  |e AACR2 
041 0 |a eng  |a spa 
082 7 |a 700.92   |2 (21) 
100 1 |a Goya, Francisco,   |d 1746-1828. 
245 1 4 |a Los Caprichos /   |c by Francisco Goya y Lucientes ; with a new introduction by Philip Hofer. 
260 |a New York :   |b Dover Publications,   |c c1969. 
300 |a 9 σ., [87] φύλλα με πίνακες :   |b εικ. ;   |c 24 εκ. 
600 1 0 |a Goya, Francisco,   |d 1746-1828. 
852 |a INST  |b SYROS  |e 20050210  |h 700.92 GOY  |p 005500003636  |q 005500003636  |t BK  |y 0 
901 |a BIBL5-2005-1 
920 |a ΔΙΕΥΡΥΝΣΗ  |b ΕΠΕΑΕΚ-ΤΜΣΠΣ  |y ΣΥΡΟΣ  |z 2004-10 
970 |a Καγιαβά  |b Ειρήνη  |z 10/02/2005